000 00290nam a2200109Ia 4500
008 180116s9999 xx 000 0 und d
020 _a9780323261999
245 _cJeffrey Papp
_aQuality Management in the Imaging Sciences
250 _a5th ed
260 _bMosby
_c2015
300 _a372 pages
999 _c353258
_d353258